Inequality and poverty re-examined
Saved in:
| Other Authors: | , |
|---|---|
| Format: | Book |
| Language: | English |
| Published: |
New York
Oxford University Press
2007
|
| Subjects: | |
| Tags: |
No Tags, Be the first to tag this record!
|
MARC
| LEADER | 00000nam a2200000 4500 | ||
|---|---|---|---|
| 001 | 0186382 | ||
| 005 | 20240315115446.8 | ||
| 020 | |a 978-0-19-921812-7 | ||
| 020 | |a 978-0-19-921811-0 | ||
| 041 | 0 | |a eng | |
| 044 | |a US | ||
| 245 | 1 | 0 | |a Inequality and poverty re-examined |c edited by: Stephen P. Jenkins and John Micklewright |
| 264 | 1 | |a New York |b Oxford University Press |c 2007 | |
| 300 | |a 306 s. | ||
| 610 | 2 | 0 | |a chudoba |
| 610 | 2 | 0 | |a chudoba |
| 610 | 2 | 0 | |a nerovnosť |
| 610 | 2 | 0 | |a príjmy obyvateľstva |
| 610 | 2 | 0 | |a domácnosti |
| 610 | 2 | 0 | |a zisk |
| 610 | 2 | 0 | |a dane |
| 610 | 2 | 0 | |a krajiny vyspelé |
| 610 | 2 | 0 | |a vzdelávanie |
| 610 | 2 | 0 | |a deti |
| 610 | 2 | 0 | |a zamestnanosť |
| 610 | 2 | 0 | |a mzdy |
| 610 | 2 | 0 | |a zárobky |
| 610 | 2 | 0 | |a zadlženosť |
| 610 | 2 | 0 | |a portfólio |
| 610 | 2 | 0 | |a analýzy |
| 610 | 2 | 0 | |a ukazovatele |
| 610 | 2 | 0 | |a Európa |
| 610 | 2 | 0 | |a Európska únia |
| 610 | 2 | 0 | |a USA |
| 700 | 1 | |a Jenkins, Stephen P. | |
| 700 | 1 | |a Micklewright, John | |